Normal view
MARC view
Entry Personal Name
001 - CONTROL NUMBER
- control field: 16623
003 - CONTROL NUMBER IDENTIFIER
- control field: BD-RjUL
005 - DATE AND TIME OF LATEST TRANSACTION
- control field: 20250817155136.0
008 - FIXED-LENGTH DATA ELEMENTS
- fixed length control field: 250817|| aca||aabn | a|a d
040 ## - CATALOGING SOURCE
- Original cataloging agency: BD-RjUL
- Transcribing agency: BD-RjUL
100 ## - HEADING--PERSONAL NAME
- Personal name: Iyengar, T. R. Srinivasa (Editor)
670 ## - SOURCE DATA FOUND
- Source citation: Work cat.: (BD-RjUL)85546: Central sales tax act; act 74 of 1956, as amended up to date ... with central and all states rules and many useful appendices with major amendments of October, 1958, and two important sales tax judgments of the court of B.R. Verma /, 1959